000 00355cam a22001217a 4500
008 180718b xxu||||| |||| 00| 0 eng d
082 _aT39x54 G346
100 _aGhosh, Arun
245 _aIndia in a globalised world: issues of growth with equity and justice
_cby Arun Ghosh
260 _aNew Delhi
_bNAMEDIA
_c
300 _a47p.
650 _aGlobalised --World
999 _c501687
_d501687